000 00848nam a2200205Ia 4500
003 OSt
005 20250714140642.0
008 210210b2003 xxu||||| |||| 00| 0 eng d
040 _cAL
041 _aKannada
082 _aK894.8 SAMA
100 _aSAMAGRA DASA SAHITYA.
_9151083
_dಸಮಗ್ರ ದಾಸ ಸಾಹಿತ್ಯ
245 _aSamagra dasa sahitya: samputa; 16, Uragadrivasavithaladasaru mattu itharara kirtanegalu.
_bಸಮಗ್ರ ದಾಸ ಸಾಹಿತ್ಯ : ಸಂಪುಟ ೧೬: ಉರಗಾದ್ರಿವಾಸ ವಿಠಲದಾಸರು ಮತ್ತು ಇತರರ ಕೀರ್ತನೆಗಳು
260 _aBengaluru
_bKannada mattu Samskrati Nirdeshanalalya
_c2003
300 _a22,439
650 _aDasasahitya
_9151084
690 _aKannada Miscellaneous
_9151085
906 _a059387
942 _2ddc
_cBK
999 _c106717
_d106717